| 000 -LEADER |
| fixed length control field |
00812nam a22002537a 4500 |
| 001 - CONTROL NUMBER |
| control field |
15384 |
| 003 - CONTROL NUMBER IDENTIFIER |
| control field |
BD-DhUAP |
| 005 - DATE AND TIME OF LATEST TRANSACTION |
| control field |
20200310125821.0 |
| 008 - FIXED-LENGTH DATA ELEMENTS--GENERAL INFORMATION |
| fixed length control field |
200310s2010 enka|||| |||| 00| 0 eng d |
| 020 ## - INTERNATIONAL STANDARD BOOK NUMBER |
| International Standard Book Number |
9780194799102 |
| 020 ## - INTERNATIONAL STANDARD BOOK NUMBER |
| International Standard Book Number |
9780194799119 |
| 040 ## - CATALOGING SOURCE |
| Original cataloging agency |
BD-DhUAP |
| Language of cataloging |
Eng |
| Transcribing agency |
BD-DhUAP |
| Modifying agency |
BD-DhUAP |
| 082 ## - DEWEY DECIMAL CLASSIFICATION NUMBER |
| Edition number |
23 |
| Classification number |
423 HOR |
| 100 ## - MAIN ENTRY--PERSONAL NAME |
| Personal name |
Hornby, A. S. |
| 245 ## - TITLE STATEMENT |
| Title |
Oxford advanced learner's dictionary of current English / |
| Statement of responsibility, etc. |
A. S. Hornby ; edited by Joanna Turnbull ...[et al.]. |
| 250 ## - EDITION STATEMENT |
| Edition statement |
8th ed. |
| 260 ## - PUBLICATION, DISTRIBUTION, ETC. |
| Place of publication, distribution, etc. |
New York : |
| Name of publisher, distributor, etc. |
Oxford University Press, |
| Date of publication, distribution, etc. |
c2010. |
| 300 ## - PHYSICAL DESCRIPTION |
| Extent |
1796 pages : |
| Other physical details |
illustrations ; |
| Dimensions |
23 cm. |
| 650 ## - SUBJECT ADDED ENTRY--TOPICAL TERM |
| Topical term or geographic name entry element |
English language |
| Form subdivision |
Dictionaries. |
| 650 ## - SUBJECT ADDED ENTRY--TOPICAL TERM |
| Topical term or geographic name entry element |
English language |
| Form subdivision |
New words |
| General subdivision |
-Dictionaries |
| 700 ## - ADDED ENTRY--PERSONAL NAME |
| Personal name |
Wehmeier, Sally. |
| 700 ## - ADDED ENTRY--PERSONAL NAME |
| Personal name |
Ashby, Michael |
| 942 ## - ADDED ENTRY ELEMENTS (KOHA) |
| Source of classification or shelving scheme |
|
| Koha item type |
Reference |